| 000 | 01156cam a2200301 a 4500 | ||
|---|---|---|---|
| 999 |
_c11 _d11 |
||
| 001 | 3523487 | ||
| 003 | Nust | ||
| 005 | 20171117111952.0 | ||
| 008 | 960606s1996 dcua b 001 0 eng | ||
| 010 | _a 96009386 | ||
| 020 | _a0841231524 | ||
| 040 |
_aDLC _cDLC _dDLC |
||
| 050 | 0 | 0 |
_aGE45.S25 _bP75 1996 |
| 082 | 0 | 0 |
_a628.50287 PRI _220 |
| 245 | 0 | 0 |
_aPrinciples of environmental sampling / _cEditor., Lawrence H. Keith, |
| 250 | _a2nd ed. | ||
| 260 |
_aWashington, DC : _bAmerican Chemical Society, _cc1996. |
||
| 300 |
_axxix, 848 p. : _bill. ; _c24 cm. |
||
| 440 | 0 |
_aACS professional reference book _96500 |
|
| 500 | _aH.B | ||
| 504 | _aIncludes bibliographical references and indexes. | ||
| 650 | 0 |
_aEnvironmental sampling. _96501 |
|
| 700 | 1 |
_aKeith, Lawrence H., _d1938- _96502 |
|
| 856 | 4 | 2 |
_3Publisher description _uhttp://www.loc.gov/catdir/enhancements/fy0605/96009386-d.html |
| 856 | 4 | 1 |
_3Table of contents only _uhttp://www.loc.gov/catdir/enhancements/fy0605/96009386-t.html |
| 906 |
_a7 _bcbc _corignew _d1 _eocip _f19 _gy-gencatlg |
||
| 942 |
_2ddc _cBK _kIESE |
||